|
|
|
|
| LEADER |
00000nas a22000007a 4500 |
| 005 |
20130314171348.0 |
| 007 |
cr|||| |||| |
| 008 |
130314c19749999fr fr|p s|||| 0|||b1fre d |
| 022 |
|
|
|a 1548344
|
| 035 |
|
|
|a 7168
|
| 040 |
|
|
|a vLex
|
| 090 |
|
|
|c 3917
|d 3917
|
| 245 |
0 |
0 |
|a Cahiers d'Économie Politique
|h [Recurso electrn̤ico]
|
| 256 |
|
|
|a Servicio en ln̕ea
|
| 260 |
|
|
|a Paris :
|b L'Harmattan,
|c 1974-
|
| 300 |
|
|
|a 1 Recurso electrn̤ico
|
| 506 |
|
|
|d vLex Global
|d vLex Global (Academic Edition, excluding Law Schools)
|d vLex Global (U.S. Academic Edition, Law Schools)
|d vLex Global (U.S. Academic Edition, excluding Law Schools)
|d vLex Global (Academic Edition, Law Schools)
|
| 650 |
0 |
4 |
|a Economa̕
|v Revistas
|
| 740 |
|
|
|a vLex Revistas (Servicio en ln̕ea)
|
| 856 |
|
|
|a Acceso restringido
|u http://www.vlex.com/source/7168
|
| 942 |
|
|
|c REV
|
| 999 |
|
0 |
|a Economics
|